[Event "Women's Speed Chess Q6"]
[Site "chess.com INT"]
[Date "2021.06.05"]
[Round "4"]
[White "Nandhidhaa, P V"]
[Black "Zaksaite, Salomeja"]
[Result "1-0"]
[WhiteTitle "WGM"]
[BlackTitle "WIM"]
[WhiteElo "2365"]
[BlackElo "2202"]
[WhiteFideId "5050847"]
[BlackFideId "12801496"]
[EventDate "2021.06.05"]

1. b3 e5 2. Bb2 Nc6 3. Nf3 d6 4. d4 exd4 5. Nxd4 Nxd4 6. Bxd4 Nf6 7. e3 Be7 8.
Be2 O-O 9. c4 c6 10. O-O Qc7 11. Bb2 Be6 12. Nc3 Rad8 13. e4 d5 14. cxd5 cxd5
15. Nb5 Qf4 16. e5 Ng4 17. g3 Qg5 18. Nd4 Qh5 19. h4 Bxh4 20. gxh4 Qxh4 21. Bxg4
Bxg4 22. Qd3 Bh3 23. Rfe1 f5 24. Qg3 Qh5 25. Ne6 f4 26. Qxg7# 1-0

[Event "Women's Speed Chess Q6"]
[Site "chess.com INT"]
[Date "2021.06.05"]
[Round "4"]
[White "Bodnaruk, Anastasia"]
[Black "Paehtz, Elisabeth"]
[Result "0-1"]
[WhiteTitle "IM"]
[BlackTitle "IM"]
[WhiteElo "2446"]
[BlackElo "2456"]
[WhiteFideId "4181751"]
[BlackFideId "4641833"]
[EventDate "2021.06.05"]

1. e4 g6 2. d4 Bg7 3. Nc3 d6 4. Be3 a6 5. Qd2 Nd7 6. h4 h6 7. O-O-O b5 8. f3 b4
9. Na4 Rb8 10. Nh3 c6 11. Bc4 Qa5 12. Bb3 Nb6 13. Nxb6 Qxb6 14. Nf4 Bd7 15. e5
d5 16. e6 Bxe6 17. Nxe6 fxe6 18. Qd3 Kf7 19. h5 gxh5 20. g4 Qb5 21. Qxb5 axb5
22. Rxh5 Nf6 23. Rh2 h5 24. g5 Ne8 25. Rdh1 Nd6 26. Rxh5 Rxh5 27. Rxh5 Nf5 28.
Bf2 Kg6 29. Rh1 Bxd4 30. Be1 Be3+ 31. Kd1 c5 32. c3 bxc3 33. bxc3 Bxg5 34. Bc2
Kf6 35. Rh7 Ne3+ 36. Kd2 b4 37. Bh4 Nc4+ 38. Kd3 Bxh4 39. Rxh4 Ne5+ 40. Ke2 bxc3
41. Rh6+ Kf7 42. Rh7+ Kf6 43. Rh6+ Kg5 44. Rxe6 Kf4 45. Rxe7 Rh8 46. a4 Rh2+ 47.
Kd1 d4 48. Be4 d3 49. Bxd3 Nxd3 50. Rd7 Rd2# 0-1

[Event "Women's Speed Chess Q6"]
[Site "chess.com INT"]
[Date "2021.06.05"]
[Round "4"]
[White "Babiy, Olga"]
[Black "Ambartsumova, Karina"]
[Result "1/2-1/2"]
[WhiteTitle "WGM"]
[BlackTitle "IM"]
[WhiteElo "2280"]
[BlackElo "2382"]
[WhiteFideId "14117258"]
[BlackFideId "4166299"]
[EventDate "2021.06.05"]

1. d4 Nf6 2. Nf3 e6 3. Bf4 d5 4. e3 Bd6 5. Bg3 O-O 6. Nbd2 c5 7. c3 Qc7 8. Bxd6
Qxd6 9. Ne5 b6 10. f4 Ba6 11. Bxa6 Nxa6 12. O-O Nd7 13. Qe2 Nc7 14. a4 f6 15.
Nxd7 Qxd7 16. Kh1 Rae8 17. Nf3 Qd6 18. a5 cxd4 19. exd4 Qxf4 20. axb6 axb6 21.
Ra7 Qd6 22. Rfa1 Ra8 23. h3 Rxa7 24. Rxa7 Ra8 25. Rxa8+ Nxa8 26. Qa6 Nc7 27.
Qc8+ Kf7 28. Qh8 Kg6 29. Qb8 b5 30. Nh4+ Kh6 31. Nf3 Qe7 32. Qb7 Qd6 33. Qb8 Kg6
34. Nh4+ Kh6 35. Nf3 1/2-1/2

[Event "Women's Speed Chess Q6"]
[Site "chess.com INT"]
[Date "2021.06.05"]
[Round "4"]
[White "Petrova, Irina"]
[Black "Sikorova, Olga"]
[Result "1/2-1/2"]
[WhiteTitle "WIM"]
[BlackTitle "WGM"]
[WhiteElo "2110"]
[BlackElo "2215"]
[WhiteFideId "14124122"]
[BlackFideId "307033"]
[EventDate "2021.06.05"]

1. e4 e6 2. d4 d5 3. Nc3 Bb4 4. e5 c5 5. a3 Bxc3+ 6. bxc3 Qa5 7. Bd2 Qa4 8. Nf3
Nc6 9. Be2 c4 10. O-O Bd7 11. Ne1 O-O-O 12. f4 f6 13. Nf3 h6 14. Kh1 f5 15. Be1
g5 16. fxg5 hxg5 17. Nxg5 Nh6 18. Bg3 Rdg8 19. Nh3 Ng4 20. Bxg4 Rxg4 21. Rf4 Rg7
22. Rh4 Rhg8 23. Nf4 Ne7 24. Rh6 Ng6 25. Nxg6 Rxg6 26. Rxg6 Rxg6 27. Qh5 Rg4 28.
Qh8+ Kc7 29. Qf8 Re4 30. Qd6+ Kc8 31. Rb1 Qxc2 32. Qf8+ Kc7 33. Qd6+ Kc8 34.
Qf8+ Kc7 35. Qd6+ Kc8 1/2-1/2

[Event "Women's Speed Chess Q6"]
[Site "chess.com INT"]
[Date "2021.06.05"]
[Round "4"]
[White "Vine, Elzbieta"]
[Black "Zhuravleva, Olga"]
[Result "0-1"]
[WhiteTitle "WFM"]
[BlackTitle "WIM"]
[WhiteElo "2138"]
[BlackElo "2278"]
[WhiteFideId "1119320"]
[BlackFideId "4145933"]
[EventDate "2021.06.05"]

1. e4 e5 2. Nf3 Nc6 3. Bc4 Nf6 4. d4 exd4 5. O-O Nxe4 6. Re1 d5 7. Bxd5 Qxd5 8.
Nc3 Qa5 9. Nxe4 Be6 10. Neg5 O-O-O 11. Nxe6 fxe6 12. Rxe6 Bd6 13. Bg5 Rdf8 14.
b4 Qxb4 15. Rb1 Qc5 16. Qe2 b6 17. Bh4 Kb7 18. Bg3 Bxg3 19. hxg3 h6 20. Ne5 Nxe5
21. Rxe5 Qc6 22. Ra5 Ra8 23. Qa6+ Kb8 24. Rf5 Qxc2 25. Qb5 a6 0-1

[Event "Women's Speed Chess Q6"]
[Site "chess.com INT"]
[Date "2021.06.05"]
[Round "4"]
[White "Nguyen, Hong Ngoc"]
[Black "Singgih, Diajeng Theresa"]
[Result "1-0"]
[WhiteTitle "WCM"]
[BlackTitle "WFM"]
[WhiteElo "1957"]
[BlackElo "1972"]
[WhiteFideId "12403083"]
[BlackFideId "7104391"]
[EventDate "2021.06.05"]

1. e4 e5 2. Bc4 Nc6 3. d3 Bc5 4. c3 Nf6 5. Nd2 d6 6. h3 O-O 7. b4 Bb6 8. a4 a6
9. Ngf3 Be6 10. Bb2 d5 11. exd5 Nxd5 12. O-O Nf4 13. Bxe6 fxe6 14. b5 axb5 15.
axb5 Nxd3 16. Ba3 Rf4 17. bxc6 e4 18. Nd4 e5 19. cxb7 Rb8 20. Nxe4 Rxe4 21. Qxd3
Rh4 22. Qc4+ Kh8 23. Nc6 Rxc4 24. Nxd8 Rxd8 25. Be7 Rg8 26. Ra8 Ba7 27. Rxa7 1-0

[Event "Women's Speed Chess Q6"]
[Site "chess.com INT"]
[Date "2021.06.05"]
[Round "4"]
[White "Pandey, Srishti"]
[Black "Novikova, Anna"]
[Result "0-1"]
[WhiteTitle "WFM"]
[BlackTitle "WIM"]
[WhiteElo "2026"]
[BlackElo "2247"]
[WhiteFideId "35093290"]
[BlackFideId "4146794"]
[EventDate "2021.06.05"]

1. d4 Nf6 2. c4 g6 3. Nc3 d5 4. Nf3 Bg7 5. Bf4 O-O 6. e3 dxc4 7. Bxc4 c5 8. dxc5
Nbd7 9. c6 bxc6 10. O-O Qa5 11. Rc1 Nb6 12. Bb3 Nbd5 13. Nxd5 cxd5 14. Be5 Ba6
15. Re1 Rac8 16. Bc3 Qb6 17. Bd4 Qb7 18. Bxf6 Rxc1 19. Qxc1 Bxf6 20. Qd2 e6 21.
h3 Rc8 22. Rc1 Kg7 23. Nd4 Qb6 24. Rxc8 Bxc8 25. Qc2 Bb7 26. Ne2 e5 27. Qd3 Qc5
28. Kh2 a5 29. Nc3 e4 30. Qd2 Be5+ 31. g3 d4 32. exd4 Bxd4 33. Qf4 Bxf2 34.
Qxf7+ Kh6 35. Qxb7 Bg1+ 36. Kh1 Qf2 37. Qxe4 Qh2# 0-1

[Event "Women's Speed Chess Q6"]
[Site "chess.com INT"]
[Date "2021.06.05"]
[Round "4"]
[White "Mendoza, Shania Mae"]
[Black "Tokhirjonova, Gulrukhbegim"]
[Result "0-1"]
[WhiteTitle "WFM"]
[BlackTitle "WGM"]
[WhiteElo "2158"]
[BlackElo "2344"]
[WhiteFideId "5211158"]
[BlackFideId "14203626"]
[EventDate "2021.06.05"]

1. e4 e5 2. Nf3 Nc6 3. Bc4 Bc5 4. d3 Nf6 5. O-O d6 6. h3 a6 7. c3 h6 8. Bb3 Ba7
9. Nbd2 O-O 10. Re1 Re8 11. Nf1 Be6 12. Bc2 d5 13. Ng3 d4 14. Qe2 Qd6 15. Nh4
Ne7 16. Qf3 Nd7 17. Bd2 b5 18. a3 c5 19. Rad1 Rac8 20. Bb1 Red8 21. Bc1 Bb6 22.
Ngf5 Nxf5 23. exf5 Bd5 24. Qg3 Qf6 25. Re2 c4 26. Rde1 Bc7 27. Qg4 cxd3 28. Bxd3
Nc5 29. Bb1 d3 30. Rd2 e4 31. Rdd1 Bb3 32. Be3 Bxd1 33. Rxd1 Nd7 34. Ba2 Re8 35.
Bd4 Be5 36. Qxe4 Bh2+ 37. Kxh2 Qd6+ 0-1

[Event "Women's Speed Chess Q6"]
[Site "chess.com INT"]
[Date "2021.06.05"]
[Round "4"]
[White "Pourkashiyan, Atousa"]
[Black "Mammadova, Gulnar"]
[Result "0-1"]
[WhiteTitle "WGM"]
[BlackTitle "IM"]
[WhiteElo "2322"]
[BlackElo "2382"]
[WhiteFideId "12502014"]
[BlackFideId "13403508"]
[EventDate "2021.06.05"]

1. e4 e6 2. d4 d5 3. Nd2 a6 4. Bd3 c5 5. exd5 exd5 6. dxc5 Bxc5 7. Ngf3 Nf6 8.
O-O O-O 9. Nb3 Bb6 10. c3 Nc6 11. h3 Qd6 12. Bc2 h6 13. Qd3 Be6 14. Be3 Bxe3 15.
Qxe3 Rfe8 16. Qc5 Qd7 17. Rfe1 Bxh3 18. gxh3 Qxh3 19. Nh2 Ng4 20. Nf1 Nce5 21.
Nbd2 Qh4 22. Qd4 Re6 23. Qf4 Rf6 24. Qg3 Qg5 25. Re2 Ng6 26. Rae1 Rf8 27. Nh2 h5
28. Nxg4 hxg4 29. Bxg6 fxg6 30. Re8 Qxd2 31. Rxf8+ Rxf8 32. Re7 Qd1+ 33. Kg2
Qf3+ 34. Qxf3 gxf3+ 35. Kg3 b5 36. Rd7 Re8 0-1

[Event "Women's Speed Chess Q6"]
[Site "chess.com INT"]
[Date "2021.06.05"]
[Round "4"]
[White "Gaponenko, Inna"]
[Black "Nguyen, Hong Anh"]
[Result "0-1"]
[WhiteTitle "IM"]
[BlackTitle "WIM"]
[WhiteElo "2357"]
[BlackElo "1993"]
[WhiteFideId "14101181"]
[BlackFideId "12406732"]
[EventDate "2021.06.05"]

1. e4 c5 2. c3 d5 3. exd5 Qxd5 4. d4 Nc6 5. Nf3 e6 6. Bd3 Nf6 7. O-O Be7 8. Qe2
O-O 9. c4 Qh5 10. dxc5 Bxc5 11. Nc3 e5 12. Bg5 Bg4 13. Bxf6 Nd4 14. Qxe5 Bxf3
15. Bxg7 Qg4 16. Qg3 Kxg7 17. gxf3 Nxf3+ 18. Kh1 Qxg3 19. fxg3 Ne5 20. Be2 Rad8
21. Rad1 Bd4 22. Nd5 Bxb2 23. Rb1 Bd4 24. Rxb7 Rb8 25. Rfb1 Rxb7 26. Rxb7 Rc8
27. Ne7 Rd8 28. Nf5+ Kf6 29. Nxd4 Rxd4 30. Rxa7 Rd2 31. Bh5 Kg5 32. g4 Nf3 33.
h4+ Kxh4 34. Rxf7 Rh2# 0-1

[Event "Women's Speed Chess Q6"]
[Site "chess.com INT"]
[Date "2021.06.05"]
[Round "4"]
[White "Selkirk, Rebecca"]
[Black "Komiagina, Maria"]
[Result "0-1"]
[WhiteTitle "WCM"]
[BlackTitle "WIM"]
[WhiteElo "1799"]
[BlackElo "2241"]
[WhiteFideId "14306514"]
[BlackFideId "4153987"]
[EventDate "2021.06.05"]

1. e4 c5 2. Nf3 Nc6 3. d4 cxd4 4. Nxd4 Nf6 5. Nc3 d6 6. Rg1 h5 7. h3 e5 8. Ndb5
a6 9. Na3 b5 10. Nd5 Nxd5 11. exd5 Ne7 12. c4 b4 13. Nc2 Rb8 14. b3 g6 15. Bg5
Bg7 16. Rc1 f6 17. Be3 f5 18. Bd2 a5 19. Be2 f4 20. Kf1 O-O 21. Ne1 Nf5 22. Nf3
e4 23. Ne1 e3 24. Nf3 exd2 25. Qxd2 Nh4 26. c5 Nxf3 27. Bxf3 Be5 28. c6 Qc7 29.
Qc2 Bf5 30. Qd2 Bc3 31. Qe2 Rbe8 32. Qa6 Be4 33. Qb7 Bd3+ 34. Be2 Bxe2# 0-1

[Event "Women's Speed Chess Q6"]
[Site "chess.com INT"]
[Date "2021.06.05"]
[Round "4"]
[White "Sviridova, Vlada"]
[Black "Nanditha, V"]
[Result "1-0"]
[WhiteTitle "WFM"]
[BlackTitle "WCM"]
[WhiteElo "2144"]
[BlackElo "1666"]
[WhiteFideId "24109606"]
[BlackFideId "46626697"]
[EventDate "2021.06.05"]

1. d4 d5 2. c4 e6 3. Nf3 Nf6 4. Nc3 Be7 5. Bf4 O-O 6. e3 c6 7. h3 Nbd7 8. Rc1
Ne4 9. Nxe4 dxe4 10. Nd2 f5 11. c5 Nf6 12. Nc4 Nd5 13. Bd6 f4 14. Be5 fxe3 15.
fxe3 Bh4+ 16. g3 Bg5 17. Qg4 g6 18. Qxe4 Qe8 19. Nd6 Qd7 20. Bf4 Nxf4 21. gxf4
Bh4+ 22. Kd2 b5 23. Rg1 Rf5 24. Bxb5 Rb8 25. Bc4 Rxb2+ 26. Rc2 Rxc2+ 27. Kxc2
Rf6 28. Rg4 Be1 29. h4 Ba5 30. h5 Bc7 31. hxg6 Bxd6 32. gxh7+ Kf7 33. h8=Q Bf8
34. Qhh7+ Ke8 35. Qh5+ Kd8 36. Rg8 Qb7 37. Qg5 Qe7 38. Qxc6 Bd7 39. Qa8+ Bc8 40.
Ba6 Qd7 41. Qxf6+ Ke8 42. Rxf8# 1-0

[Event "Women's Speed Chess Q6"]
[Site "chess.com INT"]
[Date "2021.06.05"]
[Round "4"]
[White "Golubeva, Oksana"]
[Black "Shuvalova, Polina"]
[Result "0-1"]
[WhiteTitle "WFM"]
[BlackTitle "IM"]
[WhiteElo "2179"]
[BlackElo "2489"]
[WhiteFideId "4170164"]
[BlackFideId "24171760"]
[EventDate "2021.06.05"]

1. Nf3 Nf6 2. b3 e6 3. Bb2 Be7 4. c4 O-O 5. e3 d5 6. Nc3 c5 7. d4 cxd4 8. Nxd4
Nc6 9. Nxc6 bxc6 10. Qc2 a5 11. Rd1 Bb4 12. Bd3 Qe7 13. g4 Nxg4 14. Rg1 f5 15.
Ke2 Qh4 16. Rdf1 Ra7 17. Kd1 Raf7 18. Kc1 Bb7 19. Ne2 e5 20. h3 Qxh3 21. Rh1 Qf3
22. Ng1 Qg2 23. Nh3 h6 24. Rfg1 Qf3 25. Be2 Qe4 26. Bd3 Qf3 27. Rg3 Qxh1+ 28.
Ng1 c5 29. Qe2 d4 30. Qf1 Bc3 31. Rh3 Bxb2+ 32. Kxb2 Qc6 33. exd4 cxd4 34. f3
Ne3 35. Qe1 Qf6 36. Kb1 e4 37. Be2 d3 38. Bd1 Nxd1 39. Qxd1 Qd4 40. Rg3 e3 0-1

[Event "Women's Speed Chess Q6"]
[Site "chess.com INT"]
[Date "2021.06.05"]
[Round "4"]
[White "Buksa, Nataliya"]
[Black "Varney, Zoe"]
[Result "1-0"]
[WhiteTitle "IM"]
[BlackTitle "WCM"]
[WhiteElo "2413"]
[BlackElo "1917"]
[WhiteFideId "14123622"]
[BlackFideId "436135"]
[EventDate "2021.06.05"]

1. e4 e5 2. Nf3 Nc6 3. Bc4 Nf6 4. Nc3 Nxe4 5. Bxf7+ Kxf7 6. Nxe4 d5 7. Ng3 Bc5
8. d3 Rf8 9. O-O Kg8 10. Be3 d4 11. Bg5 Qd5 12. Nd2 h6 13. Bh4 g5 14. Bxg5 hxg5
15. Qh5 Qf7 16. Qxg5+ Qg7 17. Qxg7+ Kxg7 18. Nde4 Be7 19. f4 Be6 20. f5 Bd5 21.
f6+ Bxf6 22. Nxf6 Bf7 23. Nfe4 Bg6 24. Nc5 Kh7 25. Rxf8 Rxf8 26. Nd7 Rf7 27. Nc5
b6 28. Nce4 Kg7 29. a3 Ne7 30. Rf1 c5 31. h4 Rxf1+ 32. Kxf1 Nd5 33. Kf2 Ne3 34.
h5 Bh7 35. Ng5 Nd1+ 36. Ke2 Nxb2 37. Ne6+ Kf6 38. Nf8 Bg8 39. Ne4+ Kf7 40. Nd7
Ke7 41. Nxe5 1-0

[Event "Women's Speed Chess Q6"]
[Site "chess.com INT"]
[Date "2021.06.05"]
[Round "4"]
[White "Kulkarni, Bhakti"]
[Black "Tania, Sachdev"]
[Result "1-0"]
[WhiteTitle "IM"]
[BlackTitle "IM"]
[WhiteElo "2391"]
[BlackElo "2392"]
[WhiteFideId "5019516"]
[BlackFideId "5007844"]
[EventDate "2021.06.05"]

1. d4 Nf6 2. Nf3 b6 3. g3 Bb7 4. Bg2 e6 5. O-O Be7 6. c4 O-O 7. Nc3 Ne4 8. Qc2
Nxc3 9. bxc3 f5 10. a4 a5 11. Rd1 Be4 12. Qb3 d6 13. Bf1 Nd7 14. Nd2 Bb7 15. f3
Bg5 16. c5 Qe7 17. cxd6 cxd6 18. Ba3 Bd5 19. c4 Bb7 20. Bg2 Rab8 21. e4 fxe4 22.
Nxe4 Bxe4 23. fxe4 Rfd8 24. e5 Qf7 25. Bxd6 Rbc8 26. Qd3 Nb8 27. Rf1 Qh5 28. Bf3
Qh3 29. d5 Na6 30. dxe6 Nc5 31. Qd4 Nxe6 32. Bd5 Kh8 33. Qxb6 Qh6 34. Rae1 Bd2
35. Re2 Bc3 36. Kh1 Bd4 37. Qxa5 Ng5 38. Be7 Re8 39. Bd6 Qh3 40. Bg2 Qg4 41. Qd2
Rxc4 42. Qf4 Qxe2 43. Qf8+ Rxf8 44. Rxf8# 1-0

[Event "Women's Speed Chess Q6"]
[Site "chess.com INT"]
[Date "2021.06.05"]
[Round "4"]
[White "Nguyen, Thi Mai Hung"]
[Black "Matveeva, Olga"]
[Result "1/2-1/2"]
[WhiteTitle "WGM"]
[BlackTitle "WIM"]
[WhiteElo "2254"]
[BlackElo "2145"]
[WhiteFideId "12401676"]
[BlackFideId "24107018"]
[EventDate "2021.06.05"]

1. d4 Nf6 2. Nf3 e6 3. Bf4 d5 4. e3 c5 5. c3 Nc6 6. Nbd2 Bd6 7. Bg3 O-O 8. Bd3
b6 9. Qe2 Bb7 10. Rd1 Re8 11. Ne5 Qc7 12. f4 Rac8 13. O-O Ne7 14. Bh4 Ne4 15.
Bxe7 Qxe7 16. Nxe4 dxe4 17. Bb5 Red8 18. a4 f6 19. Ng4 cxd4 20. exd4 Kh8 21. g3
Qc7 22. Nf2 f5 23. Ra1 Rf8 24. Nd1 Bd5 25. Ne3 Bb7 26. Bc4 Qe7 27. a5 g5 28.
axb6 axb6 29. fxg5 Rc7 30. Qh5 Rg8 31. Nxf5 exf5 32. Bxg8 Kxg8 33. Rxf5 e3 34.
g6 Qe4 35. gxh7+ Rxh7 36. Qg5+ Rg7 37. Qd8+ Kh7 38. Rh5+ Kg6 39. Rg5+ Kh7 40.
Rh5+ Kg6 41. Rg5+ Kh7 42. Rh5+ 1/2-1/2

[Event "Women's Speed Chess Q6"]
[Site "chess.com INT"]
[Date "2021.06.05"]
[Round "4"]
[White "Mkrtchian, Lilit"]
[Black "Li, Xueyi"]
[Result "1-0"]
[WhiteTitle "IM"]
[BlackTitle "WGM"]
[WhiteElo "2388"]
[BlackElo "2303"]
[WhiteFideId "13300601"]
[BlackFideId "8605912"]
[EventDate "2021.06.05"]

1. e4 c6 2. d4 d5 3. e5 Bf5 4. Nd2 e6 5. Nb3 h6 6. Nf3 a5 7. a4 Nd7 8. Be2 Ne7
9. O-O Bh7 10. Bd2 Nf5 11. c4 b6 12. Rc1 Be7 13. cxd5 cxd5 14. Bb5 O-O 15. Qe2
f6 16. exf6 Rxf6 17. Bf4 Nf8 18. Bc7 Qc8 19. Be5 Qd8 20. Bxf6 Bxf6 21. Rc6 Nd6
22. Rfc1 Nxb5 23. Qxb5 Be4 24. Qxb6 Qe8 25. Nc5 Bxf3 26. gxf3 Qg6+ 27. Kf1 Qf5
28. Qb3 Bxd4 29. Qd3 Qh3+ 30. Ke2 Bf6 31. Rg1 Rb8 32. b3 Qh4 33. Nxe6 Nxe6 34.
Qxd5 Kh8 35. Rxe6 Qb4 36. Qe4 Qf8 37. Kf1 Qa3 38. Re8+ Rxe8 39. Qxe8+ Kh7 40.
Qg6+ 1-0

[Event "Women's Speed Chess Q6"]
[Site "chess.com INT"]
[Date "2021.06.05"]
[Round "4"]
[White "Steil-Antoni, Fiona"]
[Black "Gevorgyan, Maria"]
[Result "1-0"]
[WhiteTitle "WIM"]
[BlackTitle "WGM"]
[WhiteElo "2129"]
[BlackElo "2219"]
[WhiteFideId "4001249"]
[BlackFideId "13300270"]
[EventDate "2021.06.05"]

1. e4 c5 2. Nc3 e6 3. f4 d5 4. Bb5+ Nc6 5. Qe2 d4 6. Bxc6+ bxc6 7. Nd1 a5 8. d3
Ba6 9. b3 Nf6 10. a4 Be7 11. Nf3 Nd7 12. O-O Qc7 13. e5 Nb6 14. Nf2 Nd5 15. Bd2
O-O 16. Ne4 f6 17. exf6 Nxf6 18. Neg5 Bc8 19. Nxe6 Bxe6 20. Qxe6+ Kh8 21. Ne5
Bd6 22. Nc4 Be7 23. Rae1 Nd5 24. Ne5 Bd6 25. Qh3 Rf6 26. g3 Raf8 27. Re2 Rh6 28.
Qg2 Re6 29. Rfe1 Kg8 30. Nf3 Rfe8 31. Rxe6 Rxe6 32. Rxe6 Qd7 33. Qe2 Kf7 34.
Ng5+ Kf8 35. Nxh7+ Kf7 36. Ng5+ Kf8 37. Re4 Nf6 38. Re6 Nd5 39. Qh5 Nf6 40. Qh8+
Ng8 41. Qh5 Nf6 42. Qg6 Bc7 43. Re2 c4 44. bxc4 c5 45. Ne6+ Kg8 46. Nxc7 Qxc7
47. Qf5 Qc6 48. Qe6+ Qxe6 49. Rxe6 Kf7 50. Ra6 Ng4 51. Rxa5 Nf6 1-0

[Event "Women's Speed Chess Q6"]
[Site "chess.com INT"]
[Date "2021.06.05"]
[Round "4"]
[White "Fernandez, Maria Florencia"]
[Black "Arpita, Mukherjee"]
[Result "0-1"]
[WhiteTitle "WIM"]
[BlackTitle "WIM"]
[WhiteElo "2229"]
[BlackElo "2206"]
[WhiteFideId "116459"]
[BlackFideId "5056403"]
[EventDate "2021.06.05"]

1. d4 Nf6 2. c4 g6 3. Nc3 Bg7 4. e4 d6 5. Be2 O-O 6. Be3 e5 7. d5 a5 8. g4 Na6
9. h4 Nc5 10. f3 h5 11. g5 Nh7 12. Qd2 f6 13. O-O-O fxg5 14. hxg5 Rf4 15. Nh3
Bxh3 16. Rxh3 a4 17. Rg1 a3 18. b3 h4 19. Bxf4 exf4 20. Rxh4 Be5 21. Bd1 Qe7 22.
Kc2 Qg7 23. Rgh1 Nf8 24. Rh8+ Kf7 25. Be2 Na6 26. Nb5 Ba1 27. Kd1 Be5 28. R8h4
Ke7 29. Bf1 c6 30. dxc6 bxc6 31. Nxa3 Nc5 32. Nc2 Rxa2 33. Be2 Nxb3 34. Qb4 Nc5
35. Qb7+ Nxb7 36. Nb4 Ra1+ 37. Kc2 Rxh1 38. Rxh1 Bb2 39. Nxc6+ Ke8 40. c5 Qc3+
41. Kb1 Qb3 42. Nd4 Bxd4+ 43. Kc1 Qb2+ 44. Kd1 Be3 45. Ke1 Qd2+ 46. Kf1 Qc1+ 47.
Kg2 Qxc5 48. Rh8 Qxg5+ 49. Kh3 Qg3# 0-1

[Event "Women's Speed Chess Q6"]
[Site "chess.com INT"]
[Date "2021.06.05"]
[Round "4"]
[White "Zakirova, Aisha"]
[Black "Von Herman, Brigitte"]
[Result "0-1"]
[WhiteTitle "WCM"]
[BlackTitle "WFM"]
[WhiteElo "1585"]
[BlackElo "1991"]
[WhiteFideId "13719734"]
[BlackFideId "4628730"]
[EventDate "2021.06.05"]

1. d4 d5 2. c4 Nc6 3. Nf3 Bg4 4. e3 e5 5. dxe5 dxc4 6. Qxd8+ Rxd8 7. Bxc4 Nxe5
8. Be2 Nd3+ 9. Bxd3 Rxd3 10. Nc3 Bxf3 11. gxf3 Bb4 12. Bd2 Ne7 13. Ke2 Rd7 14.
a3 Ba5 15. Rhg1 O-O 16. b4 Bb6 17. Ne4 f5 18. Bc3 Nd5 19. Rad1 Nxc3+ 20. Nxc3
Rfd8 21. a4 c6 22. a5 Bc7 23. h4 g6 24. h5 Kf7 25. hxg6+ hxg6 26. e4 Be5 27. Na4
fxe4 28. fxe4 Rd4 29. f3 Bf4 30. Nc3 Rd2+ 31. Rxd2 Rxd2+ 32. Kf1 Rd3 33. Ne2 Be3
34. Rg4 Rb3 35. f4 Rxb4 36. e5 Rb1+ 37. Kg2 Ra1 38. Kf3 Bc5 39. Ke4 Rxa5 40. e6+
Kxe6 41. Rxg6+ Kd7 42. f5 Ra4+ 43. Ke5 Ba3 44. Rg7+ Kc8 45. Ke6 Bb2 0-1

[Event "Women's Speed Chess Q6"]
[Site "chess.com INT"]
[Date "2021.06.05"]
[Round "4"]
[White "Padmini, Rout"]
[Black "Agrest, Inna"]
[Result "1-0"]
[WhiteTitle "IM"]
[BlackTitle "WIM"]
[WhiteElo "2370"]
[BlackElo "2285"]
[WhiteFideId "5029295"]
[BlackFideId "1708830"]
[EventDate "2021.06.05"]

1. Nf3 Nf6 2. g3 g6 3. Bg2 Bg7 4. O-O O-O 5. d4 d6 6. b3 Nbd7 7. Bb2 c5 8. c4 a6
9. Nc3 Rb8 10. a4 b6 11. d5 Bb7 12. e4 Qc7 13. Qc2 e6 14. Rad1 exd5 15. exd5
Rfe8 16. Rfe1 Rxe1+ 17. Rxe1 Re8 18. Rxe8+ Nxe8 19. Ne4 b5 20. Bh3 Ndf6 21. Nfd2
Qe7 22. f3 h6 23. Kg2 Nc7 24. Nxf6+ Bxf6 25. Ne4 Be5 26. Bc1 Kh7 27. Qd2 Bg7 28.
Bb2 Be5 29. Bxe5 Qxe5 30. Qf4 Qb2+ 31. Nf2 Qg7 32. Qxd6 Ne8 33. Qe7 bxa4 34.
bxa4 Nf6 35. Qxb7 Nh5 36. d6 Nf6 37. d7 Nxd7 38. Qxd7 Qf6 39. Qd5 Qe7 40. Ne4
Kg7 41. Qd6 Qe8 42. Qxc5 Qxa4 43. Qd4+ Kg8 44. Nf6+ Kf8 45. Qd6+ Kg7 46. Ne4
Qc2+ 47. Nf2 Qxc4 48. Qe5+ Kh7 49. Bd7 1-0

[Event "Women's Speed Chess Q6"]
[Site "chess.com INT"]
[Date "2021.06.05"]
[Round "4"]
[White "Obregon Garcia, Roxangel"]
[Black "Koridze, Lile"]
[Result "0-1"]
[WhiteTitle "WIM"]
[BlackTitle "WFM"]
[WhiteElo "2167"]
[BlackElo "2016"]
[WhiteFideId "3520420"]
[BlackFideId "13612514"]
[EventDate "2021.06.05"]

1. d4 Nf6 2. Bf4 d5 3. e3 c6 4. c3 e6 5. Nd2 Bd6 6. Bg3 O-O 7. Bd3 h6 8. Ngf3
Qc7 9. O-O Nbd7 10. Rc1 e5 11. dxe5 Nxe5 12. Nxe5 Bxe5 13. c4 Be6 14. cxd5 Bxd5
15. e4 Be6 16. f4 Bxb2 17. Rc2 Bd4+ 18. Kh1 Bg4 19. Qb1 Nh5 20. Bh4 Nxf4 21. Bg3
Be5 22. Bc4 Nh5 23. Bxe5 Qxe5 24. Qxb7 Qe8 25. Nb3 Nf6 26. Rcf2 Rb8 27. Qxa7
Qxe4 28. Nd2 Qe8 29. h3 Be6 30. Bd3 Ra8 31. Qc5 Rxa2 32. Rxf6 gxf6 33. Ne4 Kg7
34. Qd4 Qd8 35. Qe3 Qd5 36. Qg3+ Kh8 37. Nxf6 Qg5 38. Qf3 Rd2 39. Qe4 Qg7 40.
Rg1 Bd5 41. Qf5 Bxg2+ 42. Kh2 Be4+ 0-1

[Event "Women's Speed Chess Q6"]
[Site "chess.com INT"]
[Date "2021.06.05"]
[Round "4"]
[White "Belenkaya, Dina"]
[Black "Kanyamarala, Trisha"]
[Result "1-0"]
[WhiteTitle "WGM"]
[BlackTitle "WIM"]
[WhiteElo "2341"]
[BlackElo "2180"]
[WhiteFideId "24142654"]
[BlackFideId "45004722"]
[EventDate "2021.06.05"]

1. e4 c5 2. Nc3 Nc6 3. g3 Nf6 4. Bg2 e6 5. Nge2 d5 6. exd5 exd5 7. d4 Be6 8. O-O
Be7 9. dxc5 Bxc5 10. Bg5 O-O 11. Nb5 h6 12. Bxf6 Qxf6 13. c3 Rad8 14. Nbd4 Bg4
15. f3 Be6 16. Qd2 Rfe8 17. Rad1 Ne5 18. b3 a6 19. Kh1 Rc8 20. f4 Ng4 21. h3
Bxd4 22. Nxd4 Ne3 23. Qxe3 Bg4 24. Qxe8+ Rxe8 25. hxg4 Re3 26. Rf3 Rxf3 27. Bxf3
Qe7 28. Bxd5 Qe3 29. Nf5 Qxc3 30. Bxb7 Qc2 31. Rd8+ Kh7 32. Bg2 Qc1+ 33. Kh2 Qb2
34. Rb8 Qxa2 35. Nd6 Kg6 36. Kh3 Qf2 37. Be4+ Kf6 38. Ne8+ Ke7 39. Nc7 Qf1+ 40.
Bg2 Qc1 41. Nd5+ Kd6 42. Rb6+ Kd7 43. Rxa6 h5 44. Ra7+ Kd6 45. Ra6+ Kd7 46. Ra7+
Kd6 47. Rxf7 hxg4+ 48. Kxg4 Qc8+ 49. Kg5 Qd8+ 50. Kg6 Qc8 51. Kxg7 Qc3+ 52. Rf6+ 1-0